Líderes sindicales emergentes: el caso de los trabajadores subcontratados de la salmonicultura, minería del cobre y forestales

Uloženo v:
Podrobná bibliografie
Hlavní autoři: Baltera Santander, Pablo (Autor), Dussert Ch., Juan Pablo (Autor)
Médium: Kniha
Jazyk:španělština
Vydáno: Santiago Dirección del Trabajo. División de Estudios 2010
Edice:Cuaderno de Investigación, 37
Témata:
Tagy: Přidat tag
Žádné tagy, Buďte první, kdo vytvoří štítek k tomuto záznamu!

MARC

LEADER 00000nam a2200000 a 4500
001 UCG2370
003 CL-VaPUC
008 100708e20100100CL |||||||||||||||||spa|d
082 0 4 |a 331.8  |b BAL  |2 21 
100 0 |a Baltera Santander, Pablo  |e author  |9 550855 
700 0 |a Dussert Ch., Juan Pablo  |e author  |9 550856 
245 1 0 |a Líderes sindicales emergentes: el caso de los trabajadores subcontratados de la salmonicultura, minería del cobre y forestales 
300 |a 144 p 
942 |c BK 
945 |d 20100708 00:00:00  |a dcastane 
260 |a Santiago  |b Dirección del Trabajo. División de Estudios  |c 2010 
650 0 |a Gremios  |9 375963 
650 0 |a Contratos  |9 255153 
650 0 |a Sindicatos  |9 255034 
650 7 |a LEGISLACION  |2 CL-VaPUC  |9 550857 
650 7 |a CONTRATO COLECTIVO  |2 CL-VaPUC  |9 550858 
650 7 |a SINDICALISMO  |2 CL-VaPUC  |9 550859 
583 |a last modification  |c 20190725 04:48:10  |k Rodrigo Vera 
490 0 |a Cuaderno de Investigación, 37 
999 |c 341585  |d 341583 
952 |0 0  |1 0  |4 0  |6 331_800000000000000_BAL_2010  |7 0  |8 A  |9 437195  |a BIBGIM  |b BIBGIM  |d 2019-11-22  |i 4690745  |o 331.8 BAL 2010  |p 4690745  |r 2025-01-15  |w 2019-11-22  |y BK  |k SSL